<?xml version="1.0" encoding="UTF-8"?>
<record
    xmlns:xsi="http://www.w3.org/2001/XMLSchema-instance"
    xsi:schemaLocation="http://www.loc.gov/MARC21/slim http://www.loc.gov/standards/marcxml/schema/MARC21slim.xsd"
    xmlns="http://www.loc.gov/MARC21/slim">

  <leader>01654nam a2200217Ia 4500</leader>
  <controlfield tag="001">b7172-53275 </controlfield>
  <controlfield tag="003">IT-MiCISF</controlfield>
  <controlfield tag="008">161014s9999||||xx |||||||||||||| ||und||</controlfield>
  <datafield tag="040" ind1=" " ind2=" ">
    <subfield code="a">IT-MiCISF</subfield>
    <subfield code="c">IT-MiCISF</subfield>
  </datafield>
  <datafield tag="041" ind1=" " ind2=" ">
    <subfield code="a">it</subfield>
  </datafield>
  <datafield tag="100" ind1=" " ind2=" ">
    <subfield code="a">Diriart Alexandra (a cura di)</subfield>
  </datafield>
  <datafield tag="245" ind1=" " ind2="0">
    <subfield code="a">Fides Foedus</subfield>
    <subfield code="b">La fede e il sacramento del matrimonio</subfield>
  </datafield>
  <datafield tag="250" ind1=" " ind2=" ">
    <subfield code="a">1a ed.</subfield>
  </datafield>
  <datafield tag="260" ind1=" " ind2=" ">
    <subfield code="a"> Siena; Pontificio Istituto Giovanni Paolo II per Studi su Matrimonio e Famiglia</subfield>
    <subfield code="b">Cantagalli</subfield>
    <subfield code="c">2014</subfield>
  </datafield>
  <datafield tag="300" ind1=" " ind2=" ">
    <subfield code="a">pp. 264</subfield>
  </datafield>
  <datafield tag="500" ind1=" " ind2=" ">
    <subfield code="a">Granados J., Bozzolo A., Dorronsoro R.D., D'Auria A., Garrigues J.M., Reig Pla J.A. / matrimonio-sacramento, fede, teologia / Che validit&#xE0; ha un matrimonio celebrato senza fede? Il presente volume intende indagare, attraverso un insieme di contributi multidisciplinari, il tema del rapporto tra fides e foedus, tra fede e il sacramento del matrimonio. Cos&#xEC; si era espresso sul tema Papa Benedetto XVI in un discorso del 2005 al Clero di Aosta: &#xAB;Direi particolarmente dolorosa &#xE8; la situazione di quanti erano sposati in Chiesa, ma non erano veramente credenti e lo hanno fatto per tradizione, e poi trovandosi in un nuovo matrimonio non valido si convertono, trovano la fede e si sentono esclusi dal Sacramento. Ho capito che il problema &#xE8; molto difficile e deve essere ancora approfondito. Ma data la situazione di sofferenza di queste persone, &#xE8; da approfondire&#xBB;. Alla fine del volume &#xE8; anche presentata una bibliografia ragionata, che raccoglie quanto vi &#xE8; di pi&#xF9; facilmente accessibile, ad oggi, sull'argomento.</subfield>
  </datafield>
  <datafield tag="650" ind1=" " ind2=" ">
    <subfield code="a">matrimonio</subfield>
  </datafield>
  <datafield tag="700" ind1=" " ind2=" ">
    <subfield code="a">Salucci Stefano (a cura di)</subfield>
  </datafield>
  <datafield tag="942" ind1=" " ind2=" ">
    <subfield code="c">BK</subfield>
  </datafield>
  <datafield tag="957" ind1=" " ind2=" ">
    <subfield code="7">1</subfield>
  </datafield>
  <datafield tag="999" ind1=" " ind2=" ">
    <subfield code="a">53275</subfield>
    <subfield code="b">si</subfield>
    <subfield code="g">1</subfield>
    <subfield code="c">209797</subfield>
    <subfield code="d">209797</subfield>
  </datafield>
  <datafield tag="952" ind1=" " ind2=" ">
    <subfield code="0">0</subfield>
    <subfield code="1">0</subfield>
    <subfield code="4">0</subfield>
    <subfield code="6">B_717253275</subfield>
    <subfield code="7">1</subfield>
    <subfield code="a">CISF</subfield>
    <subfield code="b">CISF</subfield>
    <subfield code="d">2016-10-14</subfield>
    <subfield code="l">0</subfield>
    <subfield code="o">b7172-53275 </subfield>
    <subfield code="r">2016-10-14 00:00:00</subfield>
    <subfield code="w">2016-10-14</subfield>
    <subfield code="y">BK</subfield>
    <subfield code="z">Data import 15.10.2016 / by Epidotti, Vaglietti</subfield>
  </datafield>
</record>
